- Coster, Michel de
Entry Nombre Personal
001 - NUMERO DE CONTROL
- campo de control: 47519
003 - IDENTIFICADOR DE NUMERO DE CONTROL
- campo de control: DLC
005 - FECHA Y HORA DE LA ÜLTIMA TRANSACCIÓN
- campo de control: 20221201130429.0
008 - DATOS DE LONGITUD FIJA
- campo de control de longitud fija: 870514n| acannaabn |a aaa
010 ## - NÚMERO DE CONTROL DE LA BIBLIOTECA DEL CONGRESO
- Número de control LC: n 87831267
035 ## - NUMERO DE CONTROL
- Número de control: (OCoLC)oca01856406
040 ## - FUENTE DE CATALOGACIÓN
- Agencia original de catalogación: DLC
- Lenguaje de catalogación: spa
- Agencia de transcripción: DLC
- Agencia que lo modifica: DLC
- Agencia que lo modifica: OCoLC
- Agencia que lo modifica: IEN
- Agencia que lo modifica: MX-MxUPN
100 1# - ENCABEZAMIENTO - NOMBRE PERSONAL
- Nombre personal: Coster, Michel de
372 ## - CAMPO DE ACTIVIDAD
- Field of activity: Sociología
373 ## - GRUPO ASOCIADO
- Associated group: Université de Liège
- Fuente del término: naf
374 ## - OCUPACIÓN
- Occupation: Profesor universitario
377 ## - LENGUA ASOCIADA
- Language code: fre
400 1# - VEÁSE - NOMBRE DE PERSONA
- Personal name: De Coster, Michel
670 ## - FUENTE EN LA QUE SE LOCALIZARON DATOS
- Cita de la fuente: Le loisir en quatre dimensions, c1985:
- Información localizada: portada (Michel de Coster, profesor en la l'Université de Liège)
670 ## - FUENTE EN LA QUE SE LOCALIZARON DATOS
- Cita de la fuente: LC data base, 5/12/87
- Información localizada: (hdg.: Coster, Michel de)
670 ## - FUENTE EN LA QUE SE LOCALIZARON DATOS
- Cita de la fuente: Séjours insolites au Congo, c2009:
- Información localizada: portada (Michel De Coster) contracubierta (Michel DE Coster; doctor en derecho y sociología; profesor emérito en la Univ. de Liège; fue profesor en la Univ. catholique de Louvain, Univ. de Genève)
670 ## - FUENTE EN LA QUE SE LOCALIZARON DATOS
- Cita de la fuente: Introducción a la sociología, 2004:
- Información localizada: portada (Michel de Coster)
902 ## - CATALOGADOR
- Catalogador: Víctor Ruiz/011222
